By-Laws, Rules and Regulations : November 2019.

This volume sets out the IMF's By-Laws, which are adopted under the authority of, and are intended to be complementary to, the IMF's Articles of Agreement, which are considered to prevail in the event of any conflict. The By-Laws cover a number of topics, including the size and composition...

Ausführliche Beschreibung

Bibliographische Detailangaben
Körperschaft: International Monetary Fund. Legal Dept
Format: Zeitschrift
Sprache:English
Veröffentlicht: Washington, D.C. : International Monetary Fund, 2019.
Schriftenreihe:By Laws, Rules and Regulations; By-Laws 2019
Online Zugang:Full text available on IMF
LEADER 01565cas a2200241 a 4500
001 AALejournalIMF016196
008 230101c9999 xx r poo 0 0eng d
020 |z 9781513528281 
022 |a 0250-7323 
040 |a BD-DhAAL  |c BD-DhAAL 
110 2 |a International Monetary Fund.  |b Legal Dept. 
240 1 0 |a By-Laws, Rules and Regulations: November 2019.  |l Spanish 
245 1 0 |a By-Laws, Rules and Regulations :   |b November 2019. 
264 1 |a Washington, D.C. :  |b International Monetary Fund,  |c 2019. 
300 |a 1 online resource (71 pages) 
490 1 |a By Laws, Rules and Regulations 
500 |a <strong>Off-Campus Access:</strong> No User ID or Password Required 
500 |a <strong>On-Campus Access:</strong> No User ID or Password Required 
506 |a Electronic access restricted to authorized BRAC University faculty, staff and students 
520 3 |a This volume sets out the IMF's By-Laws, which are adopted under the authority of, and are intended to be complementary to, the IMF's Articles of Agreement, which are considered to prevail in the event of any conflict. The By-Laws cover a number of topics, including the size and composition of the IMF's Board of Governors and Executive Board, applications for IMF membership, IMF quotas, voting rights, staff regulations, and the IMF's Special Drawing Rights. 
538 |a Mode of access: Internet 
830 0 |a By Laws, Rules and Regulations; By-Laws 2019 
856 4 0 |z Full text available on IMF  |u http://elibrary.imf.org/view/books/016/28499-9781513528281-es/28499-9781513528281-es-book.xml  |z IMF e-Library